| 000 | 00430nam a2200181Ia 4500 | ||
|---|---|---|---|
| 001 | 4077 | ||
| 005 | 20260306145729.0 | ||
| 008 | 260306t2004||||xx |||||||||||||| ||spa|| | ||
| 041 | _aESP | ||
| 082 |
_a306.85 _bH12 Nº 41 |
||
| 100 |
_aValls Juliá, Juan _eAUT |
||
| 245 | 0 | _aEl desarrollo total del niño | |
| 260 | _c2004 | ||
| 300 |
_a249 páginas : _c19 cm. |
||
| 650 | _aGEN | ||
| 654 | _aCED | ||
| 942 |
_cLIB _dJUS _fJUS _2ddc _n |
||
| 999 |
_c4077 _d4077 |
||